000 00533nam a2200181 i 4500
001 82827
003 ES-MaACL
005 20230906174734.0
007 t|
008 041111s1973 sp ||||1| spa d
245 0 0 _aIdeología y alienación
_b: (metodología y dialéctica en los "Grundrisse").
260 _a[Madrid :
_bAlberto Corazón,
_c1973]
300 _a145 p. ;
_c21 cm.
490 1 _aComunicación. Serie C
830 0 _aComunicación. Serie C
_9186765
852 _aES-MaACL
_jC-52928
_bR.86390
999 _c82827
_d82827